Every Professional English Football Team - Statistics

General Stats
  • This quiz has been taken 47 times
  • The average score is 62 of 92
Answer Stats
League Team % Correct
Premier League Chelsea
97%
Premier League Liverpool
97%
Premier League Manchester City
97%
Premier League Manchester United
97%
Premier League Arsenal
95%
Premier League Aston Villa
95%
Premier League Brighton & Hove Albion
95%
Premier League Newcastle United
95%
Premier League Norwich City
95%
Premier League Crystal Palace
92%
Premier League Burnley
90%
Championship League Fulham
90%
Premier League Leicester City
90%
Championship League Nottingham Forest
90%
Premier League Tottenham Hotspur
90%
Premier League Watford
90%
Premier League Wolverhampton Wanderers
90%
Championship League AFC Bournemouth
87%
Premier League Brentford
87%
Premier League Everton
87%
Premier League Leeds United
87%
Premier League Southampton
87%
League One Sunderland
87%
Championship League Sheffield United
85%
League One Sheffield Wednesday
85%
Premier League West Ham United
85%
Championship League Blackburn Rovers
82%
Championship League Hull City
82%
Championship League Luton Town
82%
League One Ipswich Town
79%
League One Portsmouth
79%
Championship League Swansea City
79%
Championship League Bristol City
77%
Championship League Cardiff City
77%
Championship League Coventry City
77%
Championship League Derby County
77%
Championship League Middlesbrough
77%
Championship League Queens Park Rangers
77%
League One AFC Wimbledon
74%
League One Bolton Wanderers
74%
Championship League Preston North End
74%
Championship League Stoke City
74%
Championship League West Bromwich Albion
74%
Championship League Birmingham City
72%
Championship League Reading
72%
Championship League Barnsley
69%
Championship League Blackpool
69%
League Two Exeter City
67%
League One Milton Keynes Dons
64%
League Two Northampton Town
64%
League One Wycombe Wanderers
64%
League Two Bradford City
62%
Championship League Huddersfield Town
62%
Championship League Millwall
62%
League One Accrington Stanley
59%
League Two Leyton Orient
59%
League Two Oldham Athletic
59%
League Two Tranmere Rovers
59%
League One Wigan Athletic
59%
League Two Carlisle United
56%
League One Charlton Athletic
56%
League One Lincoln City
56%
League Two Swindon Town
56%
League Two Colchester United
54%
League One Crewe Alexandria
54%
League Two Bristol Rovers
51%
League One Rotherham United
51%
League Two Barrow
49%
League One Doncaster Rovers
49%
League Two Mansfield Town
49%
League One Morecambe
49%
Championship League Peterborough United
49%
League Two Port Vale
49%
League Two Scunthorpe United
49%
League One Fleetwood Town
46%
League One Gillingham
46%
League Two Harrogate Town
46%
League Two Hartlepool United
46%
League Two Newport County
46%
League One Oxford United
46%
League One Cheltenham Town
44%
League Two Crawley Town
44%
League Two Forest Green Rovers
44%
League Two Salford City
44%
League Two Stevenage
44%
League Two Walsall
44%
League One Burton Albion
38%
League One Cambridge United
38%
League One Shrewsbury Town
38%
League Two Sutton United
38%
League Two Rochdale
36%
League One Plymouth Argyle
31%
No matching quizzes found
Score Distribution
Percent of People with Each Score
Percentile by Number Answered
Your Score History
You have not taken this quiz